Memorandum to Parliamentary by Dr. Joe Oteng-Adjei. Ministry for Environment, Science, Technology & Innovation on Ratification of the Convention on Early Notification of a Nuclear Accident (1986). (Record no. 1345)

MARC details
000 -LEADER
fixed length control field 00673nam a2200157Ia 4500
008 - FIXED-LENGTH DATA ELEMENTS--GENERAL INFORMATION
fixed length control field 240428s9999||||xx |||||||||||||| ||und||
041 ## - LANGUAGE CODE
Language code of text/sound track or separate title eng
082 ## - DEWEY DECIMAL CLASSIFICATION NUMBER
Classification number RA/MESTI/13
100 ## - MAIN ENTRY--PERSONAL NAME
Personal name Ministry for Environment, Science, Technology & Innovation
245 #0 - TITLE STATEMENT
Title Memorandum to Parliamentary by Dr. Joe Oteng-Adjei. Ministry for Environment, Science, Technology & Innovation on Ratification of the Convention on Early Notification of a Nuclear Accident (1986).
260 ## - PUBLICATION, DISTRIBUTION, ETC.
Name of publisher, distributor, etc. Ministry for Environment, Science, Technology & Innovation
Place of publication, distribution, etc. [Accra] :
Date of publication, distribution, etc. 2013
300 ## - PHYSICAL DESCRIPTION
Extent 4p
650 ## - SUBJECT ADDED ENTRY--TOPICAL TERM
Topical term or geographic name entry element Convention on Early Notification of a Nuclear Accident (1986).
942 ## - ADDED ENTRY ELEMENTS (KOHA)
Koha item type Business Statements
Holdings
Withdrawn status Lost status Damaged status Not for loan Home library Current library Shelving location Date acquired Total checkouts Full call number Date last seen Copy number Price effective from Koha item type
        Main Library Main Library Reference 24/06/2022   RA/MESTI/13 1275 29/04/2024 1 29/04/2024 Business Statements
©2026  Parliament of Ghana Library - All rights reserved